The Walking Dead Quotes - Statistics

General Stats
  • This quiz has been taken 819 times
    818 since last reset
  • The average score is 20 of 31
Answer Stats
Quote Character % Correct
We've all went through hell, but at least we found each other. Rick
99%
This is the third time you're pointing this thing at my head. You're gonna pull the trigger or what? Daryl
97%
This is my farm, I'll die here! Hershel
97%
This things ain't sick! They're not people! Ain't got nothing to feel for them! 'Cause all they do- they kill! Shane
93%
He told me the other day that he was proud of me, that I was a good man, I'm not. I know more now, about what he wanted from me, and I tried, but I still have these thoughts. I'm not what he thinks I am. I'm just another monster too. Carl
90%
I care more about her than I care about me. Glenn
90%
You know for a smart guy, you're really stupid! Maggie
88%
You have to change. Everyone does now. Things don't just work out. Carol
87%
Promise me you will always do what's right. It's so easy to do the wrong thing in this world. So if it feels wrong, don't do, alright? If it feels easy don't do it, don't let this world spoil you. Lori
87%
Pain doesn't go away. You just make room for it. Andrea
86%
I don't know why I do the thing I do. Never did. I'm a damn mystery to me. Merle
86%
This world, what it is now, this is where you belong. I might not have what it takes to last for long, but that's ok. Because at least I can say that when the world went to shit, I didn't let it take me down with it. Dale
83%
When you care about people, hurt is kinda a part of the package. Beth
82%
Anger makes you stupid, stupid gets you killed. Michonne
78%
This is God's plan. He'll take care of me. Always has. T-Dog
73%
In this life you kill or you die, or you die and you kill. The Governor
70%
She's my sister, you son of a bitch! Amy
64%
Good people, they always die and the bad people do too. But the weak people, the people like me, we have inherited the Earth. Morgan
64%
We need each other, partner. Even with all that gear on your shoulder, you won't last a night. Not by yourself. Abraham
61%
The whole world is haunted now. We are who we are and we do what we do. And there's no getting out of that. Not until we're dead. Tyreese
60%
That sound you hear? That's God laughing while you make plans. Jim
59%
They're not dead, they're just...different. Lizzie
59%
Wow, you're an ass! She'll do whatever you say because she thinks she owes you. Rosita
58%
Bad things happend because I was afraid. They didn't need to. I didn't need to be afraid. Bob
40%
My mom used to say, 'Everything works out the way it's supposed to. Mika
38%
I ain't ever pleaded for my live before, I'm not gonna start now. So you do what you gotta do. Oscar
29%
Ain't nothing sadder than an outdoor cat thinks he's an indoor cat. Joe
19%
Nobody ever mentioned just how boring the end of the world is gonna be. Lily
19%
There are just some things you can't come back from. They become a part of who you are... either you live with them or you don't. Caesar
18%
You don't know anything about us. You don't know what we had to go through out there, the things we've had to do. I bet you've had to do some of those things yourself. Am I right? 'Cause ain't nobody's hands clean in what's left of this world. We're all the same. Dave
15%
We need each other now more than ever. The only way we can get through this, through any of this, is together. Pete
7%
No matching quizzes found
Score Distribution
Percent of People with Each Score
Percentile by Number Answered
Your Score History
You have not taken this quiz since the last reset